• 首页
  • 本馆介绍
  • 公告通知
  • 最新文献
  • 馆藏检索
  • 电子资源
  • 读者导购
  • 参考咨询
  • 我的图书馆
  • 登录
  • 详细信息显示
  • 放入我的书架
  • 预约/预借图书
  • 作者相关作品
  • 分类相关作品
  • 丛书相关作品
  • 出版社相关作品

书目信息

  • 表格格式
  • 工作单格式
  • 卡片格式
题名:
网络广告实务
    
 
作者: 冯晖 主编
分册:  
出版信息: 北京   中国水利水电出版社  2009.04
页数: 200页
开本: 26cm
丛书名:
单 册:
中图分类: F713.8
科图分类:
主题词: 互联网络 , 互联网络--广告 , 广告
电子资源:
ISBN: 978-7-5084-6364-3
000 00910nam0 2200301 450
001 004163240
005 20090605144623.0
010    @a978-7-5084-6364-3@dCNY24.00
090    @aF713.8@bfh
096    @aF713.8@bfh
100    @a20090527d2009 em y0chiy50 ea
101 0  @achi
102    @aCN@b110000
105    @ay z 000yy
106    @ar
200 1  @a网络广告实务@b专著@f冯晖主编@9wang luo guang gao shi wu
210    @a北京@c中国水利水电出版社@d2009.04
215    @a200页@d26cm
300    @a21世纪电子信息与自动化系列规划教材
330    @a本书全面介绍国内外网络广告的历史和现状,共分8章,主要内容包括网络广告的定义及分类、网络广告的策划、网络广告创意、网络广告设计等。
606 0  @a互联网络
606 0  @a互联网络@x广告
606 0  @a广告
690    @aF713.8@v5
701  0 @a冯晖@c(经济管理)@4主编@9feng hui
905    @aBZT@dF713.8@e12
906    @dCNY24.00@n0@r1
SYS    @004163240
    
    网络广告实务/冯晖主编.-北京:中国水利水电出版社,2009.04
    200页;26cm
    21世纪电子信息与自动化系列规划教材
    
    ISBN 978-7-5084-6364-3:CNY24.00
    本书全面介绍国内外网络广告的历史和现状,共分8章,主要内容包括网络广告的定义及分类、网络广告的策划、网络广告创意、网络广告设计等。
●
相关链接 在五车中查询图书 在当当中查询图书 在豆瓣中查询图书


正题名:网络广告实务     索取号:F713.8/12         预约/预借

序号 登录号 条形码 馆藏地/架位号 状态 备注
1 752045   2000752045   样本书库/样004架B面5层3列/ [索取号:F713.8/12] 在馆    
2 752046   2000752046   中心书库北库/ 北库020架B面1列5层18/ [索取号:F713.8/12] 在馆    
3 752047   2000752047   中心书库北库/ 北库020架B面1列5层19/ [索取号:F713.8/12] 在馆    
4 752048   2000752048   中心书库北库/ 北库020架B面1列5层21/ [索取号:F713.8/12] 在馆    
5 752049   2000752049   中心书库北库/ 北库020架B面1列5层20/ [索取号:F713.8/12] 在馆    
6 752050   2000752050   中心书库北库/ 北库020架B面1列5层22/ [索取号:F713.8/12] 在馆    
山东省滨州职业学院图书馆 欢迎您!
大连网信软件有限公司© 版权所有